Organization Behavior: Key Concepts, Skills & Best Practice, (Record no. 5197)

MARC details
005 - DATE AND TIME OF LATEST TRANSACTION
control field 20250626064150.0
020 ## - INTERNATIONAL STANDARD BOOK NUMBER
International Standard Book Number 978-0-07-282932-7
082 ## - DEWEY DECIMAL CLASSIFICATION NUMBER
Classification number 658.3KIN
100 ## - MAIN ENTRY--PERSONAL NAME
Author name KINICKI, A.
245 ## - TITLE STATEMENT
Title Organization Behavior: Key Concepts, Skills & Best Practice,
250 ## - EDITION STATEMENT
Edition statement 2nd Ed.
260 ## - PUBLICATION, DISTRIBUTION, ETC.
Place of publication, distribution, etc. New York,
Name of publisher, distributor, etc. McGraw- Hill,
Date of publication, distribution, etc. 2006.
300 ## - PHYSICAL DESCRIPTION
Extent xxviii, 460p,: ill.; figure, picture
Other physical details Glossary & Index
Dimensions 25.5cm
700 ## - ADDED ENTRY--PERSONAL NAME
Other authors/Editors KREITNER, R.
942 ## - ADDED ENTRY ELEMENTS (KOHA)
Source of classification or shelving scheme Dewey Decimal Classification
Koha item type Books
Holdings
Date last seen Total checkouts Full call number Barcode Cost, replacement price Price effective from Koha item type Lost status Source of classification or shelving scheme Damaged status Not for loan Withdrawn status Home library Current library Shelving location Date acquired Cost, normal purchase price
06/26/2025   658.3KIN DOM0001688 120000.00 06/26/2025 Books   Dewey Decimal Classification       CBE Dodoma CBE Dodoma General Collection 04/24/2009 40000.00